| 000 | 02725nmm a2200697 a 4500 | ||
|---|---|---|---|
| 003 | AR-BaBNM | ||
| 005 | 20251128203059.0 | ||
| 008 | 135020s2001 ||||||||||||||000 | spa|| | ||
| 020 | _a950-701-662-7 | ||
| 040 | _cAR-BaBNM | ||
| 245 | 1 | 0 |
_aPalabrabierta _bantología literaria |
| 246 | 1 |
_aPalabrabierta 8 _b(antología literaria) |
|
| 250 | _a1ª ed. | ||
| 260 |
_aBuenos Aires _bAique _c2001 |
||
| 300 | 0 | _a159 p. | |
| 500 | 0 | _aSe entrega junto con el texto Lengua 8 de editorial Aique | |
| 500 | 0 | _aLibros distribuidos por el MECYT en el marco del PROMSE 2004-2005 | |
| 505 |
_tEl barrio _rBenedetti, Mario |
||
| 505 |
_tConcierto para violín y orquesta Op. 61 _rBalzarino, Angel |
||
| 505 |
_tLa cocina _rTrozzo de Servera, Ester |
||
| 505 |
_tEl bloque de hielo _rPresber, Rodolfo |
||
| 505 |
_tEl cansancio de todas las cosas _rAceves, Raúl |
||
| 505 |
_tLa luna _rSabines, Jaime |
||
| 505 |
_tAmo, amas _rDarío, Rubén |
||
| 505 |
_tBalada de la primera novia _rDolina, Alejandro |
||
| 505 |
_tLa cita _rJiménez Romero, Edgardo |
||
| 505 |
_tDon Juan (fragmento) _rZorrilla, José |
||
| 505 |
_tLa sirena _rMujica Láinez, Manuel |
||
| 505 |
_tLa estación de las frases _rCaldwell, Erskine |
||
| 505 |
_tLa clase de matemáticas _rAllassia, María Guadalupe |
||
| 505 |
_tSaludaremos en el atrio _rFernández, Rubén |
||
| 505 |
_tUn cuento de amor _rFernández, Marcial |
||
| 505 |
_tEl enfermo imaginario (fragmento) _rMolière |
||
| 505 |
_tLa frontera de papel _rMatamala, Angel |
||
| 505 |
_tEmparejando queso _rRomagnoli, Juan |
||
| 505 |
_tEl príncipe que todo lo tenía (y todo lo perdió) _rBogaerts, Jorge |
||
| 505 |
_tComehoras _rSaona, Margarita |
||
| 505 |
_tUna mosca vulgar _rHamsun, Knut |
||
| 505 |
_tEl fantasma _rAnderson Imbert, Enrique |
||
| 505 |
_tEl pescador del Cabo del Halcón _rLovecraft, H.P. |
||
| 505 |
_tLos anteojos del verano _rAntognazzi, Carlos O. |
||
| 505 |
_tLa mano _rMaupassant, Guy de |
||
| 505 |
_tUnicornio _rFigueroa, Fabiola |
||
| 505 |
_tMi mujer y la otra _rArciniegas, Triunfo |
||
| 505 |
_tEl satélite _rViale, Oscar |
||
| 505 |
_tLa educación del joven Jeannot _rVoltaire |
||
| 505 |
_tEl hombre de la bolsa _rBlaisten, Isidoro |
||
| 505 | _tVeneranda | ||
| 505 |
_tA una nariz _rQuevedo, Francisco de |
||
| 505 |
_tMiss Lavandina _rDrago, Alberto |
||
| 505 |
_tDisputa de los griegos y los romanos _rRuiz, Juan, Arcipreste de Hita |
||
| 505 |
_tLa farolera _rFerrero, Diego |
||
| 650 | 4 | _aANTOLOGIAS | |
| 650 | 4 | _aESCRITORES | |
| 653 | 0 | _aLITERATURA JUVENIL | |
| 653 | 0 | _aINICIACION LITERARIA | |
| 655 | _aLITERATURA | ||
| 700 | 1 |
_aForero, María Teresa _ecompilador |
|
| 942 | _cBK | ||
| 998 | _cme-solo cat | ||
| 999 |
_c1790 _d1790 |
||